[Event "1. liga V 18/19, Rychnov-Hostalkova"]
[Site ""]
[Date "2019.01.20"]
[Round "6.7"]
[White "Horak, Jan"]
[Black "Krejca, Jakub"]
[Result "1/2-1/2"]
[WhiteElo "2027"]
[BlackElo "2164"]
[PlyCount "0"]
[WhiteTeam "Panda Rychnov n. K."]
[BlackTeam "Sachy Hostalkova"]
[EventDate "2018.10.21"]

1. e4 e6 2. d3 d5 3. Nd2 Nf6 4. g3 c5 5. Bg2 Nc6 6. Ngf3 Be7 7. O-O O-O 8. c3
b5 9. e5 Nd7 10. Re1 b4 11. Nf1 a5 12. h4 Ba6 13. Bf4 bxc3 14. bxc3 Rb8 15. Qc2
Qb6 16. Rab1 Qa7 17. N1h2 Rxb1 18. Rxb1 Rb8 19. h5 Rxb1+ 20. Qxb1 a4 21. Ng4
Qb6 22. Qc2 a3 23. Bc1 c4 24. d4 Na5 25. Nd2 Bb5 26. Bf3 Qc6 27. Bd1 Nb6 28.
Qb1 Nd7 29. Qc2 Nb6 30. Qb1 Nd7 31. Bc2 Ba4 32. Bxh7+ Kf8 33. Bc2 Kg8 34. h6
Qb5 35. Qxb5 Bxb5 36. hxg7 Nb6 37. Nb1 Kxg7 38. Nxa3 Ba4 39. Bxa4 Nxa4 40. Nb1
Nc6 41. f4 Na7 42. Ne3 Nb5 43. Nd1 Kg6 44. Kg2 Bd8 45. Kf3 Ba5 46. Bd2 Nb6 47.
g4 f6 48. Ke2 Na4 49. Kf2 f5 50. gxf5+ Kxf5 51. Kf3 Kg6 52. Kg4 Bb6 53. Kg3 Ba5
54. Kf3 Kf7 55. Kg4 Kg6 56. a3 Bd8 57. Kg3 Ba5 58. Kf3 Kf7 59. Ke3 Kg6 60. Kf3
Kf7 61. Ke2 Kg6 62. Kf3 1/2-1/2

[Event "1. liga V 18/19, Rychnov-Hostalkova"]
[Site ""]
[Date "2019.01.20"]
[Round "6.8"]
[White "Malcanek, Jan"]
[Black "Majocha, Piotr"]
[Result "0-1"]
[WhiteElo "2119"]
[BlackElo "1878"]
[PlyCount "0"]
[WhiteTeam "Sachy Hostalkova"]
[BlackTeam "Panda Rychnov n. K."]
[EventDate "2018.10.21"]

1. e4 e6 2. Qe2 c5 3. Nf3 Nc6 4. c3 d5 5. exd5 Qxd5 6. Na3 Qd8 7. Nc2 Nf6 8. g3
Be7 9. Bg2 O-O 10. d4 cxd4 11. Nfxd4 Nxd4 12. Nxd4 Bc5 13. Nb3 Bd6 14. O-O Qc7
15. Bg5 Be7 16. Rad1 Bd7 17. Bf4 Qb6 18. Qe3 Bc6 19. Qxb6 axb6 20. Nc1 Nd5 21.
Be5 b5 22. Bd4 b4 23. c4 Nf6 24. Rfe1 Rfd8 25. b3 Nd7 26. Rd2 Nc5 27. Ree2 Bxg2
28. Kxg2 b6 29. f4 Bf6 30. Bxf6 gxf6 31. Kf3 f5 32. Ke3 f6 33. Rxd8+ Rxd8 34.
Rd2 Rxd2 35. Kxd2 e5 36. Ke3 Kf7 37. Ne2 Ke6 38. Nc1 h5 39. Ne2 Ne4 40. h3 Nc5
41. h4 Ne4 42. Kd3 Kd6 43. Ke3 Ke7 44. Kd3 Ke6 45. Ke3 Kd6 46. Kd3 Kc5 47. Ke3
Nc3 48. Nxc3 bxc3 49. fxe5 fxe5 50. Kd3 Kb4 51. Kc2 f4 52. gxf4 exf4 53. a3+
Kxa3 54. Kxc3 f3 55. Kd2 Kxb3 56. Ke3 Kxc4 57. Kxf3 b5 0-1

[Event "1. liga V 18/19, BSS-SM"]
[Site ""]
[Date "2019.01.20"]
[Round "6.1"]
[White "Rojicek, Vojtech"]
[Black "Babula, Vlastimil"]
[Result "1/2-1/2"]
[WhiteElo "2387"]
[BlackElo "2546"]
[PlyCount "0"]
[WhiteTeam "BSS Frydek-Mistek "B""]
[BlackTeam "SK Stare Mesto"]
[EventDate "2018.10.21"]

1. d4 Nf6 2. c4 e6 3. Nf3 b6 4. g3 Ba6 5. b3 Bb7 6. Bg2 Bb4+ 7. Bd2 Be7 8. O-O
O-O 9. Nc3 d5 10. cxd5 exd5 11. Rc1 Re8 12. Bf4 Na6 13. Rc2 h6 14. Qc1 Bf8 15.
Rd1 Nb4 16. Rb2 c5 17. a3 Na6 18. dxc5 bxc5 19. Ne1 g5 20. Be3 Rb8 21. b4 cxb4
22. axb4 Nxb4 23. Bxa7 Rc8 24. Bd4 Ne4 25. Bxe4 dxe4 26. Qb1 Qa5 27. Na2 Nxa2
28. Rxa2 Qc7 29. Nc2 Bd5 30. Rb2 Bb3 31. Rxb3 1/2-1/2

[Event "1. liga V 18/19, BSS-SM"]
[Site ""]
[Date "2019.01.20"]
[Round "6.2"]
[White "Kanovsky, David"]
[Black "Vesselovsky, Serguei"]
[Result "1/2-1/2"]
[WhiteElo "2427"]
[BlackElo "2337"]
[PlyCount "0"]
[WhiteTeam "SK Stare Mesto"]
[BlackTeam "BSS Frydek-Mistek "B""]
[EventDate "2018.10.21"]

1. c4 c5 2. Nc3 g6 3. g3 Bg7 4. Bg2 Nc6 5. a3 b6 6. b4 Rb8 7. Rb1 cxb4 8. axb4
Bb7 9. f4 f5 10. Nh3 Bxc3 11. dxc3 Nf6 12. Nf2 Na5 13. Bxb7 1/2-1/2

[Event "1. liga V 18/19, BSS-SM"]
[Site ""]
[Date "2019.01.20"]
[Round "6.3"]
[White "Rabatin, Jakub"]
[Black "Skalsky, Alexandr"]
[Result "1/2-1/2"]
[WhiteElo "2319"]
[BlackElo "2066"]
[PlyCount "0"]
[WhiteTeam "BSS Frydek-Mistek "B""]
[BlackTeam "SK Stare Mesto"]
[EventDate "2018.10.21"]

1. e4 g6 2. d4 Bg7 3. Nc3 d6 4. Be3 a6 5. a4 Nf6 6. h3 Nc6 7. Nf3 O-O 8. Be2 e5
9. dxe5 Nxe5 10. Nd4 Nc6 11. O-O Re8 12. Nxc6 bxc6 13. Bd3 d5 14. exd5 Nxd5 15.
Nxd5 cxd5 16. c3 Qh4 17. Qf3 Rb8 18. Qxd5 Rxb2 19. Qc6 Qd8 20. Bg5 Qd7 21. Qxd7
Bxd7 22. Bxa6 Bxc3 23. Rfd1 1/2-1/2

[Event "1. liga V 18/19, BSS-SM"]
[Site ""]
[Date "2019.01.20"]
[Round "6.4"]
[White "Husek, Martin"]
[Black "Stepan, Patrik"]
[Result "0-1"]
[WhiteElo "2216"]
[BlackElo "2234"]
[PlyCount "0"]
[WhiteTeam "SK Stare Mesto"]
[BlackTeam "BSS Frydek-Mistek "B""]
[EventDate "2018.10.21"]

1. e4 c5 2. Nf3 d6 3. d4 cxd4 4. Nxd4 Nf6 5. Nc3 a6 6. Bg5 Nbd7 7. f4 Qb6 8.
Qd2 Qxb2 9. Rb1 Qa3 10. Bxf6 Nxf6 11. e5 dxe5 12. fxe5 Ng4 13. Nd5 Qc5 14. Bb5+
axb5 15. Nxb5 f5 16. Nbc7+ Kf7 17. Nxa8 e6 18. h3 Nxe5 19. Ne3 Be7 20. Nb6 Rd8
21. Qc1 Bg5 22. Rb3 Nd3+ 23. Rxd3 Rxd3 0-1

[Event "1. liga V 18/19, BSS-SM"]
[Site ""]
[Date "2019.01.20"]
[Round "6.5"]
[White "Kozel, Jiri"]
[Black "Sosna, Jan"]
[Result "1/2-1/2"]
[WhiteElo "2121"]
[BlackElo "2348"]
[PlyCount "0"]
[WhiteTeam "BSS Frydek-Mistek "B""]
[BlackTeam "SK Stare Mesto"]
[EventDate "2018.10.21"]

1. e4 e5 2. Nf3 Nc6 3. Bb5 Nf6 4. O-O Nxe4 5. d4 Nd6 6. Bxc6 dxc6 7. dxe5 Nf5
8. Qxd8+ Kxd8 9. h3 Ke8 10. Nc3 Be6 11. Re1 Bb4 12. Bd2 Rd8 13. a3 Be7 14. Ne4
Nd4 15. Nxd4 Rxd4 16. Bc3 Rd5 17. Ng3 h5 18. Ne2 Bf5 19. Nd4 Bg6 20. Re2 c5 21.
Nf3 Bf5 22. Nh2 h4 23. Ng4 Be6 24. Ne3 Rd8 25. f4 g6 26. b3 Kd7 27. Rf1 Rhg8
28. Ng4 Kc6 29. Nf6 Rh8 30. a4 b6 31. Ne4 Rh5 32. Nd2 a5 33. Nc4 Bxc4 34. bxc4
Kd7 35. Rd1+ Ke6 36. Rxd8 Bxd8 37. Kf2 g5 38. Rd2 Be7 39. f5+ Kxf5 40. Rd7 Ke6
41. Rxc7 Bd8 42. Rc6+ Kf5 43. Kf3 Rh8 44. e6 f6 45. e7 Bxe7 46. Rxb6 Rd8 47.
Rb7 Ke6 48. Ke2 f5 49. Rb6+ Bd6 50. Kf3 Rg8 51. Bd2 g4+ 52. Kf2 Kd7 53. Rb7+
Ke6 54. Rh7 Bg3+ 55. Ke2 gxh3 56. gxh3 Rb8 57. Rh6+ Ke5 58. Bc3+ Kf4 59. Re6
Kg5 60. Bxa5 Rb2 61. Bd8+ Kf4 62. Bc7+ Kg5 63. Bd8+ Kf4 64. Bc7+ 1/2-1/2

[Event "1. liga V 18/19, BSS-SM"]
[Site ""]
[Date "2019.01.20"]
[Round "6.6"]
[White "Bazant, Petr"]
[Black "Stukner, Simon"]
[Result "1-0"]
[WhiteElo "2294"]
[BlackElo "2171"]
[PlyCount "0"]
[WhiteTeam "SK Stare Mesto"]
[BlackTeam "BSS Frydek-Mistek "B""]
[EventDate "2018.10.21"]

1. e4 c5 2. Nf3 Nc6 3. Bb5 g6 4. O-O Bg7 5. c3 Nf6 6. Re1 O-O 7. h3 Qb6 8. Bf1
d5 9. e5 Ne8 10. d4 cxd4 11. cxd4 Nc7 12. Nc3 a6 13. Be3 Rd8 14. Rc1 Ne6 15.
Na4 Qa7 16. Qb3 b5 17. Nc5 Na5 18. Qc3 Nc4 19. b3 Nxc5 20. dxc5 Nxe3 21. Qxe3
f6 22. Bd3 Qc7 23. e6 f5 24. h4 d4 25. Qe2 Bb7 26. h5 Rac8 27. hxg6 hxg6 28.
Qd2 Bxf3 29. gxf3 Rf8 30. a4 Qc6 31. axb5 axb5 32. Qg5 Rf6 33. Kg2 Rb8 34. Qf4
Rff8 35. b4 Ra8 36. Ra1 Rxa1 37. Rxa1 Qxe6 38. Bxb5 Qb3 39. Rc1 Qxb4 40. Bc4+
Rf7 41. c6 e5 42. Qg5 1-0

[Event "1. liga V 18/19, BSS-SM"]
[Site ""]
[Date "2019.01.20"]
[Round "6.7"]
[White "Weissmann, Lukas"]
[Black "Bazant, Petr"]
[Result "1/2-1/2"]
[WhiteElo "2142"]
[BlackElo "2244"]
[PlyCount "0"]
[WhiteTeam "BSS Frydek-Mistek "B""]
[BlackTeam "SK Stare Mesto"]
[EventDate "2018.10.21"]

1. e4 d5 2. exd5 Qxd5 3. Nc3 Qd6 4. d4 Nf6 5. Nf3 a6 6. g3 Bg4 7. Bg2 e6 8. O-O
Be7 9. Bf4 Qd8 10. Qd2 c6 11. Ne5 Bh5 12. a3 O-O 13. Rfe1 Nbd7 14. h3 Nxe5 15.
Bxe5 Nd7 16. Bf4 Nb6 17. Qd3 Bf6 18. Be5 Bxe5 19. Rxe5 Bg6 20. Be4 Bxe4 21.
Rxe4 Nd5 22. Nxd5 exd5 23. Re5 1/2-1/2

[Event "1. liga V 18/19, BSS-SM"]
[Site ""]
[Date "2019.01.20"]
[Round "6.8"]
[White "Horsak, Jan"]
[Black "Taus, Martin"]
[Result "0-1"]
[WhiteElo "2058"]
[BlackElo "2105"]
[PlyCount "0"]
[WhiteTeam "SK Stare Mesto"]
[BlackTeam "BSS Frydek-Mistek "B""]
[EventDate "2018.10.21"]

1. c4 Nc6 2. g3 d5 3. Bg2 d4 4. d3 e5 5. Nf3 Nf6 6. O-O Be7 7. b4 e4 8. dxe4
Bxb4 9. e5 Ne4 10. Bb2 Bc5 11. Nbd2 Nxd2 12. Nxd2 Nxe5 13. Nb3 Be7 14. Nxd4 O-O
15. Qc2 c6 16. Rad1 Qb6 17. Ba1 Qc5 18. Qe4 Bf6 19. Nf3 Nxf3+ 20. Bxf3 Bxa1 21.
Rxa1 Be6 22. Rac1 Rad8 23. Qb1 b6 24. Be4 g6 25. Bd3 Rd4 26. e3 Rd6 27. Be2 Rd2
28. Bf3 Bxc4 29. Qe4 b5 30. Rfd1 Rfd8 31. Rxd2 Rxd2 32. a4 Qa3 33. Qe8+ Kg7 34.
Qe5+ Kg8 35. Qe8+ Qf8 36. Qxf8+ Kxf8 37. Bxc6 a6 38. axb5 axb5 39. Rb1 Rd6 40.
Bxb5 Rb6 41. Bxc4 Rxb1+ 42. Kg2 Rb2 43. g4 g5 44. Kg3 Ke7 45. h3 f6 46. Bd5 Kd6
47. Bg8 h6 48. Bf7 Kc5 49. Be6 Kb4 50. Bc8 Kc3 51. Ba6 Kd2 52. Bc4 Ke1 53. f4
Rc2 54. Bd5 Rc3 55. fxg5 hxg5 56. Kg2 Rxe3 57. Bc4 Kd2 58. Ba6 Kc3 59. Bb7 Kd4
60. Bf3 Ke5 61. Kg3 Ra3 62. Kg2 Kf4 63. Bd5 Rd3 64. Bc6 Rd2+ 65. Kf1 Ke5 0-1

[Event "1. liga V 18/19, Trinec-Ostrava"]
[Site ""]
[Date "2019.01.20"]
[Round "6.1"]
[White "Movsesian, Sergei"]
[Black "Caletka, Radomir"]
[Result "1-0"]
[WhiteElo "2629"]
[BlackElo "2279"]
[PlyCount "0"]
[WhiteTeam "TZ Trinec"]
[BlackTeam "TJ Ostrava"]
[EventDate "2018.10.21"]

1. e4 Nf6 2. e5 Nd5 3. d4 d6 4. Nf3 Bg4 5. Be2 e6 6. O-O Be7 7. h3 Bh5 8. c4
Nb6 9. exd6 cxd6 10. Be3 O-O 11. Nc3 Nc6 12. b3 d5 13. c5 Nc8 14. b4 a6 15. Qd2
Bf6 16. Rfd1 Bg6 17. a3 h6 18. Bf1 N8e7 19. g4 Qd7 20. Bf4 Be4 21. Ne5 Bxe5 22.
dxe5 Bh7 23. Bg3 d4 24. Bg2 Qc7 25. Ne4 Bxe4 26. Bxe4 Rad8 27. Re1 Nd5 28. Bd3
Qe7 29. Qe2 Nc3 30. Qf3 Kh8 31. Rac1 f6 32. exf6 Rxf6 33. Qg2 Qf7 34. f4 g5 35.
fxg5 hxg5 36. Rf1 Nd5 37. Rxf6 Qxf6 38. Rf1 Qg7 39. Qe4 Re8 40. Bd6 Nc3 41. Qe1
Nd5 42. Qe4 Nc3 43. Qf3 Ne5 44. Qg3 Nxd3 45. Qxd3 e5 46. Qc4 Ne4 47. Rf7 Qg6
48. Rf5 Nxd6 49. cxd6 Qxd6 50. Qf7 1-0

[Event "1. liga V 18/19, Trinec-Ostrava"]
[Site ""]
[Date "2019.01.20"]
[Round "6.4"]
[White "Brecka, Ivan"]
[Black "Sikorova, Olga"]
[Result "0-1"]
[WhiteElo "2336"]
[BlackElo "2270"]
[PlyCount "0"]
[WhiteTeam "TJ Ostrava"]
[BlackTeam "TZ Trinec"]
[EventDate "2018.10.21"]

1. e4 e6 2. d4 d5 3. Nc3 Bb4 4. e5 c5 5. Bd2 Ne7 6. Nf3 cxd4 7. Nb5 Bxd2+ 8.
Qxd2 O-O 9. O-O-O Nbc6 10. Nbxd4 Bd7 11. Bd3 Rc8 12. Rde1 Qa5 13. Qxa5 Nxa5 14.
Re2 Nec6 15. Rhe1 Nxd4 16. Nxd4 Nc6 17. Nf3 Nb4 18. Kb1 Nxd3 19. cxd3 Bb5 20.
Rd2 a5 21. Nd4 Ba6 22. g3 Rc7 23. Rc1 Rfc8 24. Rxc7 Rxc7 25. a3 a4 26. f4 h5
27. f5 exf5 28. Nxf5 g6 29. Nd4 Kf8 30. Nc2 Ke7 31. Ne3 Ke6 32. d4 Rc8 33. Nd1
Bc4 34. Nc3 b5 35. Kc2 f6 36. exf6 Kxf6 37. Rf2+ Kg5 38. Rf4 h4 39. Rxh4 Rf8
40. Nb1 b4 41. axb4 Bb3+ 42. Kd3 Bc4+ 43. Kc2 Bb3+ 44. Kd3 Bc4+ 45. Ke3 Re8+
46. Kf3 Rb8 47. Nc3 Rxb4 48. Rh7 a3 49. h4+ Kf6 50. bxa3 Rb3 0-1

[Event "1. liga V 18/19, Trinec-Ostrava"]
[Site ""]
[Date "2019.01.20"]
[Round "6.5"]
[White "Frolik, Martin"]
[Black "Mrva, Marek"]
[Result "1/2-1/2"]
[WhiteElo "2182"]
[BlackElo "2116"]
[PlyCount "0"]
[WhiteTeam "TZ Trinec"]
[BlackTeam "TJ Ostrava"]
[EventDate "2018.10.21"]

1. d4 Nf6 2. Nf3 c5 3. d5 e6 4. c4 exd5 5. cxd5 d6 6. Nc3 g6 7. g3 Bg7 8. Bg2
O-O 9. O-O Na6 10. h3 Nc7 11. a4 Rb8 12. Nd2 b6 13. Nc4 Ba6 14. Na3 Bc8 15. e4
a6 16. Nc4 Nfe8 17. a5 b5 18. Nb6 b4 19. Nca4 Nb5 20. Nxc8 Rxc8 21. Nb6 Rc7 22.
Nc4 Nf6 23. f4 Re8 24. e5 dxe5 25. d6 Rd7 26. fxe5 Nh5 27. Bf4 Nd4 28. Rc1 f6
29. Bd5+ Kh8 30. e6 Nxe6 31. Bxe6 Rxe6 32. Qd5 Nxf4 33. gxf4 Rexd6 34. Nxd6
Rxd6 35. Qxc5 f5 36. Qxb4 Bd4+ 37. Kh2 Kg7 38. Rcd1 g5 39. Qb7+ Kg6 40. Rxd4
Rxd4 41. Qxa6+ Kh5 42. Qe2+ Kh4 43. Qe1+ Kh5 44. Qe2+ Kh4 45. Qe1+ Kh5 46. Qe2+
1/2-1/2

[Event "1. liga V 18/19, Trinec-Ostrava"]
[Site ""]
[Date "2019.01.20"]
[Round "6.6"]
[White "Splichal, Stanislav"]
[Black "Movsesian, Julia"]
[Result "1/2-1/2"]
[WhiteElo "2145"]
[BlackElo "2305"]
[PlyCount "0"]
[WhiteTeam "TJ Ostrava"]
[BlackTeam "TZ Trinec"]
[EventDate "2018.10.21"]

1. Nf3 d5 2. d4 Nf6 3. c4 e6 4. g3 Bb4+ 5. Bd2 a5 6. Qc2 O-O 7. Bg2 c5 8. dxc5
Bxc5 9. cxd5 Qxd5 10. Nc3 Qh5 11. h3 Nc6 12. g4 Qg6 13. Qxg6 hxg6 14. Rc1 Bb6
15. O-O Nd5 16. Rfd1 Rd8 17. a3 Bd7 18. e3 Be8 19. Nxd5 Rxd5 20. Bc3 Rxd1+ 21.
Rxd1 1/2-1/2

[Event "1. liga V 18/19, Trinec-Ostrava"]
[Site ""]
[Date "2019.01.20"]
[Round "6.7"]
[White "Fargac, Martin"]
[Black "Hladik, Oto"]
[Result "1-0"]
[WhiteElo "2226"]
[BlackElo "2142"]
[PlyCount "0"]
[WhiteTeam "TZ Trinec"]
[BlackTeam "TJ Ostrava"]
[EventDate "2018.10.21"]

1. d4 Nf6 2. Bf4 c5 3. d5 Qb6 4. Nc3 Qxb2 5. Bd2 Qb6 6. e4 d6 7. f4 Bg4 8. Be2
Bxe2 9. Qxe2 Nfd7 10. Nf3 g6 11. Rb1 Qd8 12. e5 dxe5 13. fxe5 Bg7 14. e6 fxe6
15. Ng5 O-O 16. Nxe6 Qa5 17. Rb5 Qa6 18. Nc7 Qd6 19. Nxa8 Ne5 20. Rxb7 Na6 21.
Nb6 Nb4 22. Nc4 Qa6 23. Rxb4 cxb4 24. Nxe5 1-0

[Event "1. liga V 18/19, Trinec-Ostrava"]
[Site ""]
[Date "2019.01.20"]
[Round "6.8"]
[White "Vesely, Libor"]
[Black "Pilch, Roman"]
[Result "1/2-1/2"]
[WhiteElo "2210"]
[BlackElo "2176"]
[PlyCount "0"]
[WhiteTeam "TJ Ostrava"]
[BlackTeam "TZ Trinec"]
[EventDate "2018.10.21"]

1. e4 c5 2. Nf3 e6 3. d4 cxd4 4. Nxd4 a6 5. c4 Qc7 6. Nc3 d6 7. Bd3 b6 8. O-O
Bb7 9. Qe2 Nd7 10. f4 Be7 11. f5 e5 12. Nc2 Ngf6 13. Bg5 h6 14. Bxf6 Nxf6 15.
Ne3 O-O 16. Rac1 Rfc8 17. Rc2 Qc5 18. Kh1 Qd4 19. Rd2 Qc5 20. Rg1 b5 21. Ncd5
Nxd5 22. Nxd5 Bxd5 23. cxd5 Bg5 24. Rc2 Qe3 25. Re1 Rxc2 26. Qxe3 Bxe3 27. Bxc2
Bd4 28. b3 Rc8 29. Re2 Rc3 30. g3 Kf8 31. Kg2 Ke7 32. Bd1 Kd7 33. Rc2 Rxc2+ 34.
Bxc2 Kc7 35. Kf3 Kb6 36. Bd3 Kc5 37. a4 Bg1 38. axb5 axb5 39. h3 b4 40. Be2 Kd4
41. Bf1 Be3 42. Bb5 1/2-1/2

[Event "1. liga V 18/19, Orlova-Litovel"]
[Site ""]
[Date "2019.01.20"]
[Round "6.1"]
[White "Mrazek, Lumir"]
[Black "Belunek, Vladimir"]
[Result "1-0"]
[WhiteElo "2379"]
[BlackElo "2212"]
[PlyCount "0"]
[WhiteTeam "SK Slavia Orlova"]
[BlackTeam "TJ Tatran Litovel"]
[EventDate "2018.10.21"]

1. e4 e5 2. Nc3 Nf6 3. f4 d5 4. fxe5 Nxe4 5. Nxe4 dxe4 6. d4 exd3 7. Bxd3 Bc5
8. Qe2 Nc6 9. Nf3 Bg4 10. Qe4 Bxf3 11. gxf3 Qe7 12. Bf4 O-O-O 13. O-O-O g6 14.
Ba6 Kb8 15. c3 f5 16. Qa4 Nxe5 17. Qb5 Bb6 18. Qxe5 Qf7 19. Rxd8+ Rxd8 20. Bg5
Rc8 21. Bd3 Qxa2 22. Rd1 a5 23. Qb5 Qf7 24. Bc4 Qg7 25. Rd7 Qh8 26. Bf4 Ka7 27.
Be5 Qf8 28. Rxh7 c6 29. Qa6# 1-0

[Event "1. liga V 18/19, Orlova-Litovel"]
[Site ""]
[Date "2019.01.20"]
[Round "6.2"]
[White "Vanek, Ladislav"]
[Black "Nedela, Vlastimil"]
[Result "0-1"]
[WhiteElo "2255"]
[BlackElo "2319"]
[PlyCount "0"]
[WhiteTeam "TJ Tatran Litovel"]
[BlackTeam "SK Slavia Orlova"]
[EventDate "2018.10.21"]

1. d4 Nf6 2. Nf3 e6 3. e3 b6 4. Bd3 Bb7 5. Nbd2 d5 6. O-O Nbd7 7. Qe2 Ne4 8.
Bb5 c6 9. Bd3 f5 10. Rd1 Bd6 11. Nf1 O-O 12. Ne1 a5 13. f3 Qf6 14. c4 Ng5 15.
Ng3 g6 16. cxd5 exd5 17. f4 Ne4 18. Nf3 Qe7 19. Ne5 Ndf6 20. Bd2 c5 21. Bb5
Rfc8 22. Rac1 Rc7 23. Rc2 a4 24. b3 axb3 25. axb3 cxd4 26. Rxc7 Qxc7 27. exd4
Ra2 28. Qd3 Nxd2 29. Rxd2 Qc1+ 30. Nf1 Ra1 31. g3 Ne4 32. Rc2 Qe1 33. Nf3 Qb4
34. Ba4 Ra3 35. Qe2 Kg7 36. Kg2 Qa5 37. Ne3 Ba6 38. Qe1 Qxe1 39. Nxe1 b5 40.
Rc6 Ra2+ 41. N1c2 bxa4 42. Rxa6 axb3 43. Rxa2 bxa2 44. Nxd5 Ba3 45. Kf3 Bb2 46.
g4 Bxd4 47. gxf5 gxf5 48. Ne7 Nd6 0-1

[Event "1. liga V 18/19, Orlova-Litovel"]
[Site ""]
[Date "2019.01.20"]
[Round "6.3"]
[White "Olsarova, Karolina"]
[Black "Strasil, Pavel"]
[Result "1/2-1/2"]
[WhiteElo "2263"]
[BlackElo "2029"]
[PlyCount "0"]
[WhiteTeam "SK Slavia Orlova"]
[BlackTeam "TJ Tatran Litovel"]
[EventDate "2018.10.21"]

1. e4 e6 2. d4 d5 3. Nd2 a6 4. Ngf3 c5 5. exd5 exd5 6. Bd3 Nf6 7. O-O Be7 8.
dxc5 O-O 9. Nb3 Nbd7 10. Be3 Qc7 11. c3 Nxc5 12. Nxc5 Bxc5 13. Bxc5 Qxc5 14.
Qc2 Bg4 15. Nd4 Rfe8 16. Rfe1 Rad8 17. Qd2 Bh5 18. Nc2 Bg6 19. Rxe8+ Rxe8 20.
Bxg6 hxg6 21. Ne3 Re5 22. Rd1 g5 23. Qd4 Qe7 24. Kf1 Qe6 25. Qb4 Rxe3 26. fxe3
Ng4 27. Rd2 Qxe3 28. Qxg4 Qxd2 29. Qc8+ Kh7 30. Qxb7 Qd1+ 31. Kf2 Qd2+ 32. Kf1
Qd1+ 33. Kf2 Qd2+ 34. Kf1 Qd1+ 1/2-1/2

[Event "1. liga V 18/19, Orlova-Litovel"]
[Site ""]
[Date "2019.01.20"]
[Round "6.4"]
[White "Mohapl, Petr"]
[Black "Zabystrzan, Pavel"]
[Result "0-1"]
[WhiteElo "2056"]
[BlackElo "2223"]
[PlyCount "0"]
[WhiteTeam "TJ Tatran Litovel"]
[BlackTeam "SK Slavia Orlova"]
[EventDate "2018.10.21"]

1. d4 Nf6 2. c4 c5 3. d5 b5 4. cxb5 a6 5. bxa6 g6 6. Nc3 Bxa6 7. g3 d6 8. Bg2
Bg7 9. Nf3 Nbd7 10. h3 O-O 11. O-O Nb6 12. Re1 Nfd7 13. Qc2 Nc4 14. Rb1 Qa5 15.
Nd2 Na3 16. bxa3 Qxc3 17. Qd1 Qa5 18. Nb3 Qa4 19. Bg5 Rfe8 20. Qc1 Bc8 21. Bh6
Bh8 22. Qc2 Qxa3 23. Nc1 Ne5 24. Rb3 Qa6 25. Bd2 Bd7 26. Qb1 Nc4 27. Bc3 Bxc3
28. Rxc3 Qa5 29. Qd3 Nb2 30. Qd2 Na4 31. Rc2 Qxd2 32. Rxd2 Reb8 33. e4 f6 34.
Bf1 Bb5 35. Rc2 Kf7 36. Kg2 Bxf1+ 37. Rxf1 Rb4 38. f3 Nb6 39. Re1 Ra3 40. Kf2
Nc4 41. Ree2 Ne5 42. Re3 Rba4 43. Rec3 h5 44. h4 f5 45. exf5 gxf5 46. Rxa3 Rxa3
47. Nb3 Nd3+ 0-1

[Event "1. liga V 18/19, Orlova-Litovel"]
[Site ""]
[Date "2019.01.20"]
[Round "6.5"]
[White "Lojek, Marek"]
[Black "Krejci, Jan"]
[Result "1/2-1/2"]
[WhiteElo "2205"]
[BlackElo "2095"]
[PlyCount "0"]
[WhiteTeam "SK Slavia Orlova"]
[BlackTeam "TJ Tatran Litovel"]
[EventDate "2018.10.21"]

1. e4 e5 2. Nf3 Nf6 3. Nxe5 d6 4. Nf3 Nxe4 5. d4 d5 6. Bd3 Nc6 7. O-O Be7 8. c4
Bg4 9. cxd5 Qxd5 10. Re1 Nf6 11. Nc3 Qd7 12. Bb5 a6 13. Bxc6 bxc6 14. Bg5 Bxf3
15. Qxf3 O-O 16. Rad1 Rfe8 17. h3 h6 18. Bf4 Nd5 19. Nxd5 cxd5 20. Qg3 Bd6 21.
Bxd6 cxd6 22. Qb3 Rxe1+ 23. Rxe1 Re8 24. Rxe8+ 1/2-1/2

[Event "1. liga V 18/19, Orlova-Litovel"]
[Site ""]
[Date "2019.01.20"]
[Round "6.6"]
[White "Neoral, Antonin"]
[Black "Kubos, Rostislav"]
[Result "1/2-1/2"]
[WhiteElo "2112"]
[BlackElo "2172"]
[PlyCount "0"]
[WhiteTeam "TJ Tatran Litovel"]
[BlackTeam "SK Slavia Orlova"]
[EventDate "2018.10.21"]

1. e4 c5 2. Nf3 e6 3. d4 cxd4 4. Nxd4 Nf6 5. Nc3 Nc6 6. Be2 Bb4 7. O-O Bxc3 8.
Nxc6 dxc6 9. Qxd8+ Kxd8 10. bxc3 Nxe4 11. Bf3 Nf6 12. Rd1+ Bd7 13. c4 Rc8 14.
Bf4 Ne8 15. Rd3 Ke7 16. Rad1 Rd8 17. Be3 b6 18. Bxc6 Nf6 19. Bf3 1/2-1/2

[Event "1. liga V 18/19, Orlova-Litovel"]
[Site ""]
[Date "2019.01.20"]
[Round "6.7"]
[White "Kostka, Vit"]
[Black "Gerych, Jan"]
[Result "1/2-1/2"]
[WhiteElo "2135"]
[BlackElo "1995"]
[PlyCount "0"]
[WhiteTeam "SK Slavia Orlova"]
[BlackTeam "TJ Tatran Litovel"]
[EventDate "2018.10.21"]

1. e4 c5 2. Nf3 e6 3. c4 Nc6 4. Nc3 Nge7 5. d4 cxd4 6. Nxd4 Nxd4 7. Qxd4 Nc6 8.
Qd1 Bc5 9. Be2 O-O 10. O-O d6 11. Rb1 e5 12. Be3 Be6 13. Nd5 Nd4 14. b4 Bxd5
15. cxd5 Nxe2+ 16. Qxe2 Bxe3 17. Qxe3 Qb6 18. Rfc1 Qxe3 19. fxe3 Rfc8 20. Kf2
Kf8 21. Ke2 Ke7 22. a3 Kd7 23. h3 f6 24. Kd2 Rxc1 25. Rxc1 Rc8 26. Rxc8 Kxc8
27. g4 b5 28. Ke2 Kd7 29. h4 Ke7 30. Kf3 Kf7 31. h5 g6 32. Kg3 Kg7 33. Kh3 Kh6
34. Kh4 a6 35. hxg6 hxg6 36. Kh3 Kg5 37. Kg3 f5 38. gxf5 gxf5 39. exf5 Kxf5 40.
Kf3 e4+ 41. Kg3 Ke5 42. Kg4 Kxd5 43. Kf5 Kc4 44. Kxe4 Kb3 45. Kd5 Kxa3 46. Kxd6
Kxb4 47. e4 a5 48. e5 a4 49. e6 a3 50. e7 a2 51. e8=Q a1=Q 52. Qe4+ Kb3 53.
Qd5+ 1/2-1/2

[Event "1. liga V 18/19, Orlova-Litovel"]
[Site ""]
[Date "2019.01.20"]
[Round "6.8"]
[White "Pavlik, Petr"]
[Black "Sramek, Vojtech"]
[Result "0-1"]
[WhiteElo "1950"]
[BlackElo "2185"]
[PlyCount "0"]
[WhiteTeam "TJ Tatran Litovel"]
[BlackTeam "SK Slavia Orlova"]
[EventDate "2018.10.21"]

1. d4 d5 2. c4 c6 3. Nc3 Nf6 4. Nf3 e6 5. Bg5 dxc4 6. g3 b5 7. Bg2 Bb7 8. O-O
Be7 9. Ne5 Nd5 10. Bxe7 Qxe7 11. Ne4 f6 12. Nf3 Nd7 13. Rc1 O-O 14. b3 f5 15.
Nc5 Nxc5 16. dxc5 cxb3 17. Qxb3 Qf6 18. h4 Rad8 19. e4 fxe4 20. Ng5 e3 21. fxe3
Qe5 22. e4 Nc7 23. Rxf8+ Rxf8 24. Qc3 Qxc3 25. Rxc3 Rd8 26. Rf3 Na6 27. Nxe6
Re8 28. Ng5 Nxc5 29. Rc3 Ne6 30. Nxe6 Rxe6 31. Rc5 Rd6 32. e5 Rd1+ 33. Kh2 Rd2
34. Kh3 Bc8+ 35. g4 Bxg4+ 36. Kxg4 Rxg2+ 37. Kf5 Kf7 38. Rxc6 Rf2+ 39. Ke4 Rxa2
40. Rc7+ Ke6 41. Rxg7 Ra4+ 42. Ke3 Rxh4 43. Rxa7 Kxe5 44. Rb7 b4 45. Rb5+ Kd6
46. Kf3 Kc6 47. Rb8 Kc5 48. Rb7 Kc4 49. Rc7+ Kd3 50. Rd7+ Rd4 51. Rxh7 b3 52.
Rb7 Kc2 53. Rc7+ Kb1 54. Ke3 Rd6 55. Ke4 b2 56. Rb7 Rc6 57. Ra7 Kc2 0-1

[Event "1. liga V 18/19, Polabiny-Kromeriz"]
[Site ""]
[Date "2019.01.20"]
[Round "6.1"]
[White "Jirasek, Pavel"]
[Black "Malinovsky, Karel"]
[Result "1/2-1/2"]
[WhiteElo "2262"]
[BlackElo "2462"]
[PlyCount "0"]
[WhiteTeam "2222 SK Polabiny "C""]
[BlackTeam "Slavia Kromeriz"]
[EventDate "2018.10.21"]

1. e4 e5 2. Nf3 Nc6 3. Nc3 Nf6 4. d4 exd4 5. Nxd4 Nxe4 6. Nxe4 Qe7 7. f3 f5 
8. Nxc6 bxc6 9. Bd3 fxe4 10. fxe4 Qe5 11. O-O Bd6 12. g3 Qxg3+ 1/2-1/2